| 000 | 004650000a22001810004500 | ||
|---|---|---|---|
| 003 | MACL | ||
| 005 | 20151222170649.0 | ||
| 008 | 151222b xxu||||| |||| 00| 0 eng d | ||
| 040 |
_aMACL _cMACL |
||
| 041 | _aEnglish | ||
| 082 | _a745/OWE | ||
| 100 |
_aOwen, Cheryl _921679 |
||
| 245 |
_aCandle Making _bStep by Step Crafts |
||
| 260 |
_bNew Holland Publishers Ltd _c2001 _aLondon |
||
| 350 | _a1192 | ||
| 650 |
_aDecorative Arts _97454 |
||
| 942 |
_cBK _k745/OWE _2ddc |
||
| 999 |
_c40172 _d40172 |
||